| 000 | 00655nam a2200217 a 4500 | ||
|---|---|---|---|
| 001 | 3153 | ||
| 003 | CDMR | ||
| 005 | 20131204100758.0 | ||
| 008 | 130130s1980||||||||||||||||||||||||||||d | ||
| 020 | _a8431306629 | ||
| 040 |
_aCDMR _bcat _cCDMR |
||
| 100 | 1 |
_aDovifat, Emil _92240 |
|
| 245 | 1 | 0 |
_aPolítica de la información _b: [vol.] I _cEmil Dovifat |
| 260 |
_aPamplona _c1980 _bEdiciones Universidad de Navarra |
||
| 300 | _a543 p. | ||
| 490 | 0 |
_aCiencias de la información _v35 |
|
| 650 | 0 | 4 |
_94364 _aPolítica de la comunicació |
| 650 | 0 | 4 |
_93082 _aMitjans de comunicació social |
| 650 | 0 | 4 |
_92305 _aComunicació _xAspectes polítics |
| 942 |
_cMON _2udc |
||
| 999 |
_c3153 _d3153 |
||